Eurostat yearbook 98/99 <a> statistical eye on Europe 1987-1997

Gespeichert in:
Bibliographische Detailangaben
Körperschaft: Eurostat
Format: Buch
Sprache:Englisch
Veröffentlicht: Luxembourg Office des publications officielles des Communautés européennes 1999
Ausgabe:4. ed.
Schlagworte:
Tags: Tag hinzufügen
Keine Tags, Fügen Sie das erste Tag hinzu!

MARC

LEADER 00000nam a2200000 4500
001 c123738
005 20221221130104.7
020 |a 92-828-4623-7 
041 0 |a eng 
044 |a LU 
245 1 0 |a Eurostat yearbook 98/99  |b <a> statistical eye on Europe 1987-1997 
250 |a 4. ed. 
264 1 |a Luxembourg  |b Office des publications officielles des Communautés européennes  |c 1999 
300 |a 531 s. 
610 2 0 |a Európska únia 
610 2 0 |a Európske spoločenstvá 
610 2 0 |a údaje štatistické 
610 2 0 |a údaje štatistické medzinárodné 
610 2 0 |a 1987-1997 
710 2 |a Eurostat